| 000 | 00563nam a22002177a 4500 | ||
|---|---|---|---|
| 003 | OSt | ||
| 005 | 20151029131451.0 | ||
| 008 | 130311t xxu||||| |||| 00| 0 eng d | ||
| 020 | _a159308031X | ||
| 050 |
_aPR 6019.O9 _b.J89 2004 |
||
| 082 |
_aIB 823.912 _bJ85p 2004 |
||
| 100 | _aJames, Joyce | ||
| 245 |
_aA portrait of the artist as a young man and dubliners _cJoyce, James |
||
| 260 |
_aNew York _bMonarch Press _cc2004 |
||
| 300 |
_a428 p. _c20 cm |
||
| 521 | _aGrade 10 | ||
| 526 | _c920L-1120L | ||
| 562 | _e1 | ||
| 942 |
_2lcc _cBK |
||
| 999 |
_c2339 _d2339 |
||